Países pelas Duas Primeiras Letras #1 - Statistics

Estatísticas Gerais
  • Esse quiz foi jogado 36 vezes
  • A pontuação média é 18 de 24
Estatísticas das Respostas
Letras País % Correto
IS Islândia / Israel
100%
CR Croácia
96%
EL El Salvador
96%
EQ Equador
96%
QU Quênia / Quirguistão
93%
SO Somália
93%
HA Haiti
89%
JO Jordânia
89%
ZI Zimbábue
89%
DO Dominica
85%
GA Gabão / Gâmbia / Gana
85%
VI Vietnã
85%
HU Hungria
81%
RO Romênia
81%
ET Etiópia
78%
HO Honduras
78%
ME México
67%
PE Peru
63%
LU Luxemburgo
59%
EM Emirados Árabes Unidos
56%
ER Eritreia
56%
UR Uruguai
48%
TI Timor-Leste
41%
TR Trinidad eTobago
41%
Nenhum quiz correspondente encontrado
Distribuição das Pontuações
Porcentagem de Pessoas com Cada Pontuação
Percentil de Números Respondidos
Sua Pontuação Histórica
Você não jogou esse quiz